01004nam a22003017i 4500001000800000003001000008007000500018008004100023040003500064041000800099043000700107084000700114100003600121245007100157264001100228300005600239336002700295337003300322338002800355504004200383650002100425650002700446650002800473650002000501700002500521710008500546773007100631B-12595CO-BoFNCPt|| 090911s2008 ck r spa d  aCO-BoFNCPbspacCO-BoFNCPerda aspa ack aA-1 aRocha S., Pedro J.eautor.4aut10aValidación de marcadores moleculares ligados a grosor de cuesco. 4c©2008 apáginas 1-4 :bTablas, gráficos, fotografías. atextobtxt2rdacontent asin mediaciónbn2rdamedia avolumenbnc2rdacarrier aIncluye referencias bibliográficas. 0aBiotecnología. 0aMarcadores moleculares 0aMejoramiento genético 0aPalma de aceite1 aMontoya J., Carmenza1 aCorporación Centro de Investigación en Palma de Aceite, Cenipalma [Colombia]0 aCeniavances (Colombia)gNo. 159 (Marzo 2008), p.1-4wA-x0123-8353